000 00798nam a2200229 a 4500
001 BRCA_526
005 20190320203040.0
008 830907s1987-------a---##b---#001-0#eng-#
020 _a0500233586
040 _aDLC
_cDLC
_dDLC
041 _aengita
050 4 _aNK1710
_b.P73 1987
100 1 _aPraz, Mario
_d1896-
_9118
245 1 0 _aAn illustrated history of interior decoration
_bfrom Pompeii to art nouveau
_cMario Praz ; translated by William Weaver.
260 _aLondres
_bThames and Hudson
_c1987
300 _a396 p.
_bil. (algunas a color)
_c32 cm.
500 _aTraducción de: La filosofia dell´arredamento
504 _aIncluye referencias bibliográficas e índice
650 1 4 _aDecoración de interiores
_xHistoria
_zEuropa
_91817
700 1 _aWeaver, William
_91818
942 _2lcc
_cB
999 _c458
_d458